Afforestation in Britain - a commentary (Record no. 32523)

MARC details
000 -LEADER
fixed length control field 01343cab a2200253 4500
001 - CONTROL NUMBER
control field ABS45365
008 - FIXED-LENGTH DATA ELEMENTS--GENERAL INFORMATION
fixed length control field 090401t1991 xxu||||| |||| 00| 0 eng d
035 ## - SYSTEM CONTROL NUMBER
System control number (Sirsi) u52551
041 ## - LANGUAGE CODE
Language code of text/sound track or separate title eng
100 ## - MAIN ENTRY--PERSONAL NAME
Personal name Malcolm, D.C.
245 ## - TITLE STATEMENT
Title Afforestation in Britain - a commentary
260 ## - PUBLICATION, DISTRIBUTION, ETC.
Date of publication, distribution, etc. 1991
350 ## - PRICE (NR) (BK AM CF MU VM SE) [OBSOLETE]
Price 0
490 ## - SERIES STATEMENT
Series statement Scottish Forestry
Volume/sequential designation 45(4) October 1991, 259-276(9)
520 ## - SUMMARY, ETC.
Summary, etc. Ecological conditions in Britain allow a wide range of productive species to be used in afforestation. Progressive destruction of the species-poor natural forest and a national crisis stimulated the initiative of a programme of planting, over 70 years, by State and private owners that achieved its initial objectives. Techniques to afforest difficult sites emerged from applied research while concentration on financial criteria led to uniform plantations of few species that did not gain public approval. The replacement of fiscal incentives by grant aid has caused a loss of confidence and continued expansion of the forest estate is in doubt, despite the need to transfer agricultural land and a permanent timber deficit. (Journal abstract)
650 ## - SUBJECT ADDED ENTRY--TOPICAL TERM
Topical term or geographic name entry element AFFORESTATION
650 ## - SUBJECT ADDED ENTRY--TOPICAL TERM
Topical term or geographic name entry element FORESTRY
650 ## - SUBJECT ADDED ENTRY--TOPICAL TERM
Topical term or geographic name entry element GRANTS
650 ## - SUBJECT ADDED ENTRY--TOPICAL TERM
Topical term or geographic name entry element SET-ASIDE
650 ## - SUBJECT ADDED ENTRY--TOPICAL TERM
Topical term or geographic name entry element TAX INCENTIVES
690 ## - LOCAL SUBJECT ADDED ENTRY--TOPICAL TERM (OCLC, RLIN)
Topical term or geographic name as entry element RURAL PRACTICE
942 ## - ADDED ENTRY ELEMENTS (KOHA)
Suppress in OPAC 0
948 ## - LOCAL PROCESSING INFORMATION (OCLC); SERIES PART DESIGNATOR (RLIN)
c (OCLC) 04/03/1997
Holdings
Withdrawn status Lost status Source of classification or shelving scheme Damaged status Not for loan Home library Current library Shelving location Date acquired Total Checkouts Full call number Barcode Date last seen Copy number Price effective from Koha item type
    Dewey Decimal Classification     London London Journal article 14/09/1999   ABS45365 52551-1001 06/08/2019 1 06/08/2019 Journal article